Loading...
| Beliefs | 0 | 5 | 0 | 1 | 50 | 111 | 133.00 | 0 | 1 | 0.00 | 0.00 |
| Literature - British | 0 | 4 | 0 | 0 | 40 | 97 | 122.25 | 1 | 3 | 0.00 | 0.00 |
| History - US | 0 | 3 | 0 | 0 | 30 | 100 | 128.67 | 0 | 1 | 0.00 | 0.00 |
| Philosophy | 1 | 0 | 0 | 0 | 15 | 23 | 23.00 | 1 | 1 | 0.00 | 0.00 |
| History - Other | 1 | 0 | 0 | 0 | 15 | 46 | 46.00 | 1 | 1 | 0.00 | 0.00 |
| History - World | 0 | 1 | 0 | 0 | 10 | 116 | 116.00 | 0 | 0 | 0.00 | 0.00 |
| Literature - American | 0 | 1 | 0 | 0 | 10 | 115 | 115.00 | 0 | 1 | 0.00 | 0.00 |
| Fine Arts - Other | 0 | 1 | 0 | 0 | 10 | 106 | 106.00 | 0 | 0 | 0.00 | 0.00 |
| Social Science | 0 | 1 | 0 | 1 | 10 | 106 | 106.00 | 0 | 0 | 0.00 | 0.00 |
| History - European | 0 | 1 | 0 | 0 | 10 | 121 | 121.00 | 0 | 0 | 0.00 | 0.00 |
| Geography | 0 | 1 | 0 | 1 | 10 | 155 | 155.00 | 0 | 0 | 0.00 | 0.00 |
| Fine Arts - Visual | 0 | 1 | 1 | 0 | 5 | 140 | 140.00 | 0 | 1 | 0.00 | 0.00 |